Detalles MARC
| 000 -LIDER |
| fixed length control field |
00975nam a22002297a 4500 |
| 001 - NÚMERO DE CONTROL |
| Identificador de número de control |
000056283 |
| 003 - IDENTIFICACDOR DE NÚMERO DE CONTROL |
| control field |
DO-SdBNP |
| 005 - DATE AND TIME OF LATEST TRANSACTION |
| control field |
20180403095059.0 |
| 008 - ELEMENTOS DE LONGITUD FIJA |
| fixed length control field |
160531b 1996 sp xxu||||| |||| 00| 0 spa d |
| 040 ## - FUENTE DE CATALOGACIÓN |
| Agencia que crea de manera original el registro |
BPMSU |
| Idioma de catalogación |
sp |
| Agencia que realiza la transcripción |
BPMSU |
| 092 ## - LOCALLY ASSIGNED DEWEY DECIMAL CALL NUMBER |
| Número de clasificación |
xxxxx |
| Número de ítem (Cutter) |
xxxxx |
| 245 10 - MENCIÓN DE TITULO |
| Título |
Cuentos latinoamericanos : |
| Subtítulo |
antología / |
| Mención de responsabilidad |
edición y prólogo, Conrado Zuluaga. |
| 260 ## - PUBLICACIÓN, DISTRIBUCIÓN, ETC. (PIE DE IMPRENTA) |
| Lugar de publicación, distribución, etc |
Bogotá, Colombia : |
| Nombre del editor, distribuidor, etc. |
Alfaguara, |
| Fecha de publicación, distribución, etc |
2006. |
| 300 ## - DESCRIPCIÓN FÍSICA |
| Extensión |
134 p. ; |
| Dimensiones |
22 cm. |
| 490 1# - MENCIÓN DE SERIES |
| Mención de serie |
Juvenil Alfaguara. |
| 505 ## - NOTA DE CONTENIDO |
| Título |
Hombre de la esquina rosada / |
| -- |
La autopista del ser / |
| Mención de responsabilidad |
Jorge Luis Borges -- |
| Título |
Los fugitivos /<br/> |
| Mención de responsabilidad |
Alejo Carpentier -- |
| Título |
Nos han dado la tierra / Juan Rulfo -- |
| Mención de responsabilidad |
Julio Cortazar -- |
| Título |
Recuerdo de las sierras / Adolfo Bioy Casares -- |
| -- |
En este pueblo no hay ladrones / |
| Mención de responsabilidad |
Gabriel Garcia Marquez. |
| 700 12 - ASIENTO SECUNDARIO -- NOMBRE PERSONAL |
| Nombre personal |
Zuluaga, Conrado, |
| Mención de responsabilidad |
ed., pról. |
| 830 ## - ASIENTO SECUNDARIO DE SERIE--TÍTULO UNIFORME |
| Nombre de la parte o sección de una obra |
Juvenil Alfaguara. |
| 942 ## - ADDED ENTRY ELEMENTS (KOHA) |
| Source of classification or shelving scheme |
Dewey Decimal Classification |
| Koha item type |
Libros |
| 945 ## - INFORMACIÓN DE PROCESAMIENTO LOCAL |
| Información de procesamiento local |
inventariado 2018 / dg |
| 956 ## - LOCAL ELECTRONIC LOCATION AND ACCESS (OCLC) |
| Método de acceso |
LOPEREZ |
| Materiales especificados |
10 |
| Enlace |
20160531 |
| Campo enlazado y núm. de secuencia |
BPMSU |
| Nombre de host |
00041 |